Генерация и миграция нефти: доклады советских геологов на 28 сессии Международного геологического конгресса, Вашингтон, июль 1989 г.

Dades bibliogràfiques
Autor corporatiu: Всесоюзный научно-исследовательский геологоразведочный нефтяной институт (ВНИГНИ), Генерация и миграция нефти конгресс
Altres autors: Золотов А. Н. (редактор)
Idioma:rus
Publicat: Москва, Изд-во ВНИГНИ, 1989
Matèries:
Format: MixedMaterials Llibre
KOHA link:https://koha.lib.tpu.ru/cgi-bin/koha/opac-detail.pl?biblionumber=253001

MARC

LEADER 00000nam0a2200000 4500
001 253001
005 20231101232812.0
035 |a (RuTPU)RU\TPU\book\275381 
090 |a 253001 
100 |a 20140311d1989 k y0rusy50 ca 
101 0 |a rus 
102 |a RU 
105 |a a z 101zy 
200 1 |a Генерация и миграция нефти  |e доклады советских геологов на 28 сессии Международного геологического конгресса, Вашингтон, июль 1989 г.  |f Всесоюзный научно-исследовательский геологоразведочный нефтяной институт (ВНИГНИ) ; под ред. А. Н. Золотова 
210 |a Москва  |c Изд-во ВНИГНИ  |d 1989 
215 |a 154 с.  |c ил. 
320 |a Библиография в конце докладов. 
606 1 |a Нефтяные месторождения  |x Происхождение  |2 stltpush  |3 (RuTPU)RU\TPU\subj\45962  |9 65151 
610 1 |a нефть 
610 1 |a генерация 
610 1 |a миграция 
610 1 |a нефтегазоносность 
610 1 |a перспективы 
610 1 |a запасы 
610 1 |a международные конгрессы 
675 |a 552.578.2.061.3(063)  |v 3 
702 1 |a Золотов  |b А. Н.  |4 340 
712 0 2 |a Всесоюзный научно-исследовательский геологоразведочный нефтяной институт (ВНИГНИ)  |2 stltpush  |3 (RuTPU)RU\TPU\col\18350 
712 1 2 |a Генерация и миграция нефти  |b конгресс  |d 28  |e Вашингтон  |f 1989 
801 1 |a RU  |b 63413507  |c 20140311 
801 2 |a RU  |b 63413507  |c 20141007  |g RCR 
942 |c BK